Straßenbahn Plauen - Statistiken

Allgemein
  • Dieses Quiz wurde 19 mal gespielt
  • Das Durchschnittsergebnis liegt bei 10 aus 37
Antwortstatistiken
Antwort % Korrekt
Bahnhof Mitte
67%
Oberer Bahnhof, Busbahnhof
67%
Oberer Bahnhof, Pausaer Straße
67%
Oberer Bahnhof, Stadtpark
67%
Preißelpöhl
67%
Tunnel
67%
Capitol
50%
Neundorf
50%
Plamag
50%
Reusa
50%
Am Albertplatz
33%
Hans-Löwel-Platz
33%
Neue Elsterbrücke
33%
Vogtland-Klinikum
33%
Waldfrieden
33%
Westbahnhof
33%
Westend
33%
Am Stadtwald
17%
Am Vogtlandstadion
17%
Chamissostraße
17%
Dittrichplatz
17%
Hauptfriedhof
17%
Martin-Luther-Straße
17%
Neues Rathaus
17%
Seehaus
17%
Anton-Kraus-Straße
0%
Beethovenstraße
0%
Carl-von-Ossietzky-Weg
0%
Doktor-Karl-Gelbke-Straße
0%
Knielohstraße
0%
Morgenbergstraße
0%
Röntgenstraße
0%
Schlachthofstraße
0%
Schloß Reusa
0%
Seumestraße
0%
Suttenwiese
0%
Wartburgplatz
0%
Keine übereinstimmenden Quizze gefunden
Verteilung der Resultate
Anzahl Personen mit jedem Resultat
Perzentil nach korrekt beantworteten Fragen
Ihre Resultats-Entwicklung
Sie haben dieses Quiz noch nicht gespielt